<?xml version="1.0" encoding="UTF-8"?>
<record
    xmlns:xsi="http://www.w3.org/2001/XMLSchema-instance"
    xsi:schemaLocation="http://www.loc.gov/MARC21/slim http://www.loc.gov/standards/marcxml/schema/MARC21slim.xsd"
    xmlns="http://www.loc.gov/MARC21/slim">

  <leader>01760nam a2200349   4500</leader>
  <controlfield tag="001">113575</controlfield>
  <controlfield tag="003">DR-UNIBE</controlfield>
  <controlfield tag="005">20250910062608.0</controlfield>
  <controlfield tag="008">250508b2003    cr ||||| |||| 00| 0 spa d</controlfield>
  <datafield tag="020" ind1=" " ind2=" ">
    <subfield code="a">9968917095 Obra completa </subfield>
  </datafield>
  <datafield tag="020" ind1=" " ind2=" ">
    <subfield code="a">9968917109 Tomo 1</subfield>
  </datafield>
  <datafield tag="040" ind1=" " ind2=" ">
    <subfield code="a">BIBLIOTECA UNIBE</subfield>
    <subfield code="c">BIBLIOTECA UNIBE</subfield>
    <subfield code="b">spa</subfield>
    <subfield code="e">rda</subfield>
  </datafield>
  <datafield tag="041" ind1=" " ind2=" ">
    <subfield code="a">spa</subfield>
  </datafield>
  <datafield tag="082" ind1=" " ind2=" ">
    <subfield code="2">22</subfield>
    <subfield code="a">341.48 I59j</subfield>
  </datafield>
  <datafield tag="110" ind1=" " ind2="0">
    <subfield code="a">Instituto Interamericano de Derechos Humanos (IIDH)</subfield>
    <subfield code="e">autor</subfield>
    <subfield code="9">23506</subfield>
  </datafield>
  <datafield tag="110" ind1="1" ind2="0">
    <subfield code="a">Corte Interamericana de Derechos Humanos</subfield>
    <subfield code="9">152036</subfield>
    <subfield code="e">autor</subfield>
  </datafield>
  <datafield tag="110" ind1="1" ind2="0">
    <subfield code="a">Costa Rica. Corte Suprema de Justicia. Sala Constitucional</subfield>
    <subfield code="9">195062</subfield>
  </datafield>
  <datafield tag="245" ind1="1" ind2="0">
    <subfield code="a">Justicia, libertad y derechos humanos : ensayos en homenaje a Rodolfo E. Piza Escalante /</subfield>
    <subfield code="c">Instituto Interamericano de Derechos Humanos ,  Corte Interamericana de Derechos Humanos,  Colegio de Abogados, Corte Suprema de Justicia. Sala Constitucional</subfield>
  </datafield>
  <datafield tag="250" ind1=" " ind2=" ">
    <subfield code="a">Primera edici&#xF3;n</subfield>
  </datafield>
  <datafield tag="260" ind1=" " ind2=" ">
    <subfield code="a">San Jos&#xE9; : </subfield>
    <subfield code="b">Instituto Interamericano de Derechos Humanos (IIDH), </subfield>
    <subfield code="c">2003</subfield>
  </datafield>
  <datafield tag="300" ind1=" " ind2=" ">
    <subfield code="a">tomos</subfield>
    <subfield code="c">13 x 21 cm</subfield>
  </datafield>
  <datafield tag="500" ind1=" " ind2=" ">
    <subfield code="a">Biblioteca tiene tomo I</subfield>
  </datafield>
  <datafield tag="505" ind1=" " ind2=" ">
    <subfield code="a">Tomo I.
Pr&#xF3;logo |
Prefacio del Presidente de la Corte Interamericana de Derechos Humanos |
Prefacio del Presidente del Colegio de Abogados 
Recuerdo de un entra&#xF1;able amigo |
Remember a very special friend |
Semblanza: un hombre  justo |
Corte Interamericana de Derechos Humanos |
Sala Constitucional Corte Suprema de Justicia de Costa Rica 

</subfield>
  </datafield>
  <datafield tag="600" ind1=" " ind2="0">
    <subfield code="a"> </subfield>
    <subfield code="9">195059</subfield>
  </datafield>
  <datafield tag="650" ind1=" " ind2="7">
    <subfield code="2">lemb</subfield>
    <subfield code="a">Derechos humanos</subfield>
  </datafield>
  <datafield tag="650" ind1=" " ind2="7">
    <subfield code="2">lemb</subfield>
    <subfield code="a">Justicia</subfield>
  </datafield>
  <datafield tag="650" ind1=" " ind2="7">
    <subfield code="2">lemb</subfield>
    <subfield code="a">Pena de muerte</subfield>
  </datafield>
  <datafield tag="650" ind1=" " ind2="7">
    <subfield code="2">lemb</subfield>
    <subfield code="a">Poder judicial</subfield>
    <subfield code="z">Costa Rica</subfield>
    <subfield code="9">195075</subfield>
  </datafield>
  <datafield tag="650" ind1=" " ind2="7">
    <subfield code="2">lemb</subfield>
    <subfield code="a">Abogados Costarricences</subfield>
    <subfield code="9">195076</subfield>
  </datafield>
  <datafield tag="710" ind1="1" ind2="0">
    <subfield code="a">Costa Rica. Colegio de Abogados</subfield>
    <subfield code="9">195063</subfield>
    <subfield code="e">autor</subfield>
  </datafield>
  <datafield tag="942" ind1=" " ind2=" ">
    <subfield code="2">ddc</subfield>
    <subfield code="c">BK</subfield>
  </datafield>
  <datafield tag="999" ind1=" " ind2=" ">
    <subfield code="c">113575</subfield>
    <subfield code="d">113575</subfield>
  </datafield>
  <datafield tag="952" ind1=" " ind2=" ">
    <subfield code="0">0</subfield>
    <subfield code="1">0</subfield>
    <subfield code="2">ddc</subfield>
    <subfield code="7">0</subfield>
    <subfield code="8">GEN</subfield>
    <subfield code="a">Principal</subfield>
    <subfield code="d">2025-04-08</subfield>
    <subfield code="l">0</subfield>
    <subfield code="o">341.48 I59j</subfield>
    <subfield code="p">250420</subfield>
    <subfield code="r">2025-05-08 09:21:07</subfield>
    <subfield code="t">T. 1 Ej.1</subfield>
    <subfield code="w">2025-05-08</subfield>
    <subfield code="y">BK</subfield>
  </datafield>
</record>
